[Event "USCL Philadelphia vs New Jersey"]
[Site "Internet Chess Club"]
[Date "2007.10.08"]
[Round "7"]
[White "Kudrin, Sergey"]
[Black "Benjamin, Joel"]
[Result "1/2-1/2"]
[WhiteElo "2605"]
[BlackElo "2651"]
[PlyCount "75"]
[EventDate "2007.??.??"]

1. e4 e5 2. Nf3 Nc6 3. Bc4 Bc5 4. c3 Nf6 5. d3 a6 6. O-O Ba7 7. Bb3 d6 8. Be3
O-O 9. Nbd2 h6 10. h3 Re8 11. d4 exd4 12. Nxd4 Bd7 13. Re1 Ne5 14. Bc2 c6 15.
f4 Ng6 16. Qf3 c5 17. Nf5 d5 18. Nd6 dxe4 19. N2xe4 Nxe4 20. Bxe4 Bg4 21. hxg4
Qxd6 22. g3 c4 23. Bxa7 Rxa7 24. Qf2 b6 25. Rad1 Qf6 26. Bxg6 Rxe1+ 27. Qxe1
Qxg6 28. Qe2 Kh7 29. Kf2 b5 30. Rd4 Qf6 31. Qe4+ g6 32. Qd5 Re7 33. Qd6 Re6 34.
Qf8 Qg7 35. Qd8 Qf6 36. Qf8 Qg7 37. Qd8 Qf6 38. Qf8 1/2-1/2

[Event "USCL Philadelphia vs New Jersey"]
[Site "Internet Chess Club"]
[Date "2007.10.08"]
[Round "7"]
[White "Ippolito, Dean"]
[Black "Smith, Bryan"]
[Result "1/2-1/2"]
[WhiteElo "2433"]
[BlackElo "2442"]
[PlyCount "82"]
[EventDate "2007.??.??"]

1. d4 g6 2. Nf3 Bg7 3. c4 c5 4. d5 d6 5. e4 Nf6 6. Nc3 O-O 7. h3 e6 8. Bd3 exd5
9. exd5 Re8+ 10. Be3 Bh6 11. O-O Bxe3 12. fxe3 Nbd7 13. Qd2 Ne5 14. Nxe5 Rxe5
15. Qf2 Kg7 16. Qh4 Qe7 17. Qf2 Bd7 18. Rae1 Re8 19. e4 Nh5 20. Nb1 f5 21. Nd2
fxe4 22. Rxe4 Rxe4 23. Bxe4 Rf8 24. Qxf8+ Qxf8 25. Rxf8 Kxf8 26. Kf2 Ke7 27. g4
Nf6 28. Bc2 g5 29. Nf3 h6 30. a4 b6 31. Ke3 Ng8 32. Nd2 Kf6 33. Ne4+ Ke5 34.
Nf2 a5 35. b3 Ne7 36. Ne4 Be8 37. Ng3 Bd7 38. Nh5 Be8 39. Ng3 Bd7 40. Bd3 Bc8
41. Bc2 Bd7 1/2-1/2

[Event "USCL Philadelphia vs New Jersey"]
[Site "Internet Chess Club"]
[Date "2007.10.08"]
[Round "7"]
[White "Costigan, Richard"]
[Black "Friedman, Aviv"]
[Result "1/2-1/2"]
[WhiteElo "2287"]
[BlackElo "2407"]
[PlyCount "108"]
[EventDate "2007.??.??"]

1. d4 e6 2. Bf4 Nf6 3. e3 b6 4. Nf3 Bb7 5. Bd3 d6 6. Qe2 Be7 7. h3 Nbd7 8. Ba6
Qc8 9. Bxb7 Qxb7 10. Nbd2 Ne4 11. O-O-O Nxd2 12. Rxd2 Nf6 13. Qb5+ c6 14. Qd3
c5 15. Qb5+ Qd7 16. Qxd7+ Kxd7 17. dxc5 bxc5 18. Ne5+ Ke8 19. Nc6 Ne4 20. Re2
Bg5 21. Rd1 Kd7 22. Na5 Kc7 23. Bxg5 Nxg5 24. f3 f6 25. e4 Rhd8 26. Nc4 Rd7 27.
f4 Nf7 28. Red2 Rad8 29. Ne3 Kc6 30. c4 g5 31. g3 h5 32. Rf2 Rg8 33. f5 Re8 34.
b3 exf5 35. Rxf5 Rxe4 36. Nd5 Re2 37. Rd2 Re1+ 38. Kc2 Rg1 39. Nxf6 Rb7 40. Ne4
Rh1 41. Nxc5 Re7 42. Ne4 Rxe4 43. Rxf7 Rxh3 44. Rf6 Rxg3 45. Rfxd6+ Kc7 46. Rh6
h4 47. Kb2 h3 48. Rh7+ Kc6 49. Rh6+ Kc7 50. Rh7+ Kc6 51. Rh6+ Kc7 52. Rh7+ Kc6
53. Rh6+ Kc7 54. Rh7+ Kc6 1/2-1/2

[Event "USCL Philadelphia vs New Jersey"]
[Site "Internet Chess Club"]
[Date "2007.10.08"]
[Round "7"]
[White "Lian, Jayson"]
[Black "Yeager, Daniel"]
[Result "0-1"]
[WhiteElo "2109"]
[BlackElo "2313"]
[PlyCount "102"]
[EventDate "2007.??.??"]

1. d4 Nf6 2. c4 e6 3. Nc3 Bb4 4. e3 c5 5. Nge2 b6 6. a3 Ba5 7. Rb1 Na6 8. Bd2
O-O 9. Ng3 Bb7 10. f3 Qe7 11. Bd3 d5 12. cxd5 Nxd5 13. Nxd5 Bxd2+ 14. Qxd2 exd5
15. O-O Nc7 16. Rbd1 g6 17. Bb1 Ne6 18. b4 cxd4 19. exd4 a5 20. f4 f5 21. Rfe1
Qd6 22. Re5 axb4 23. axb4 Nd8 24. Rde1 Ra4 25. Bxf5 Qxb4 26. Qe2 Qxd4+ 27. Kh1
Ba6 28. Qf3 Bb7 29. Nh5 Ra1 30. Bb1 Qxe5 31. fxe5 Rxf3 32. gxf3 d4 33. Nf6+ Kg7
34. Kg2 Ne6 35. Kf2 b5 36. Ne8+ Kf8 37. Nd6 Bc6 38. Rc1 Bd7 39. Ke2 Ke7 40. Kd3
Ra3+ 41. Ke4 Re3+ 42. Kd5 Rxf3 43. Be4 Rf2 44. h3 Rd2 45. Nc8+ Bxc8 46. Rxc8
Nf4+ 47. Kc5 d3 48. Bc6 Rc2+ 49. Kxb5 d2 50. Rc7+ Ke6 51. Rd7 Nxh3 0-1

[Event "USCL Boston vs New York"]
[Site "Internet Chess Club"]
[Date "2007.10.10"]
[Round "7"]
[White "Sammour-Hasbun, Jorge"]
[Black "Nakamura, Hikaru"]
[Result "1/2-1/2"]
[WhiteElo "2576"]
[BlackElo "2742"]
[PlyCount "90"]
[EventDate "2007.??.??"]

1. d4 Nf6 2. c4 g6 3. Nc3 Bg7 4. e4 d6 5. f3 O-O 6. Be3 e5 7. Nge2 Nc6 8. Qd2
a6 9. d5 Na5 10. Nc1 c5 11. dxc6 Nxc6 12. Nb3 Be6 13. Rd1 Qc8 14. Nd5 Nd7 15.
Be2 a5 16. a4 Bxd5 17. cxd5 Nb4 18. Rc1 Qd8 19. O-O b6 20. f4 exf4 21. Bxf4 Nc5
22. Nxc5 bxc5 23. Bb5 Qe7 24. Rce1 Be5 25. Bh6 Rfc8 26. Rf3 c4 27. Ref1 Qh4 28.
Bf4 Nd3 29. Bxe5 Nxe5 30. Rf4 Qe7 31. Rf6 Kg7 32. Qf2 Rc5 33. h3 Ra7 34. Kh2
Qd8 35. Qh4 Ra8 36. R1f4 c3 37. bxc3 Rxc3 38. Bc6 Rc8 39. Qf2 Kg8 40. Qa7 Qc7
41. Qxc7 Rxc7 42. Bb5 Rc2 43. Rxd6 Ra2 44. Rd8+ Kg7 45. Re8 Rcc2 1/2-1/2

[Event "USCL San Francisco vs Miami"]
[Site "Internet Chess Club"]
[Date "2007.10.10"]
[Round "7"]
[White "Pruess, David"]
[Black "Espino, Miguel"]
[Result "1-0"]
[WhiteElo "2448"]
[BlackElo "2307"]
[PlyCount "51"]
[EventDate "2007.??.??"]

1. d4 g6 2. e4 Bg7 3. Nc3 c6 4. Be3 d5 5. Nf3 Nf6 6. e5 Ng4 7. Bf4 f6 8. exf6
exf6 9. Qd2 Qe7+ 10. Be2 f5 11. O-O O-O 12. Rae1 Nf6 13. Ng5 Ne4 14. Ngxe4 fxe4
15. f3 Qb4 16. Be3 exf3 17. Bxf3 Bf5 18. g4 Bd7 19. a3 Qb6 20. Na4 Qc7 21. Bh6
Na6 22. Bxg7 Kxg7 23. Re7+ Rf7 24. Rxf7+ Kxf7 25. Bxd5+ Ke7 26. Qe3+ 1-0

[Event "USCL Baltimore vs Queens"]
[Site "Internet Chess Club"]
[Date "2007.10.10"]
[Round "7"]
[White "Thaler, Michael"]
[Black "Battsetseg, Tsagaan"]
[Result "1-0"]
[WhiteElo "2112"]
[BlackElo "2234"]
[PlyCount "61"]
[EventDate "2007.??.??"]

1. e4 c5 2. Nf3 Nc6 3. d4 cxd4 4. Nxd4 g6 5. c4 Nf6 6. Nc3 d6 7. Be2 Nxd4 8.
Qxd4 Bg7 9. Be3 O-O 10. Qd2 Be6 11. Rc1 Qa5 12. f3 Rfc8 13. b3 Nd7 14. Nb5
Qxd2+ 15. Kxd2 a5 16. a4 Nc5 17. Rb1 f5 18. Bd3 Bd7 19. Bc2 fxe4 20. Bxc5 Rxc5
21. Bxe4 Bc6 22. Rhe1 d5 23. Nc7 dxe4 24. Nxa8 b5 25. Nb6 b4 26. fxe4 e6 27.
Rbd1 Bc3+ 28. Kd3 Be8 29. Rf1 Be5 30. Ke3 Bc7 31. Nd7 1-0

[Event "USCL Carolina vs Tennessee"]
[Site "Internet Chess Club"]
[Date "2007.10.10"]
[Round "7"]
[White "Zaikov, Oleg"]
[Black "Bereolos, Peter"]
[Result "1-0"]
[WhiteElo "2369"]
[BlackElo "2317"]
[PlyCount "61"]
[EventDate "2007.??.??"]

1. d4 Nf6 2. c4 g6 3. Nc3 Bg7 4. e4 d6 5. Nf3 O-O 6. Be2 e5 7. O-O Na6 8. Be3
Ng4 9. Bg5 Qe8 10. dxe5 dxe5 11. h3 h6 12. Bd2 Nf6 13. Be3 Qe7 14. Qc1 Kh7 15.
c5 c6 16. Bxa6 bxa6 17. Rd1 Nh5 18. Rd6 Nf4 19. Bxf4 exf4 20. Qxf4 Qb7 21. Qd2
Rb8 22. Rc1 Qxb2 23. Rxc6 Qxd2 24. Nxd2 Be5 25. Nc4 Bb7 26. Nxe5 Bxc6 27. Nxc6
Rbc8 28. Ne5 Rfe8 29. Nd3 f5 30. Nd5 Rc6 31. N3b4 1-0

[Event "USCL Carolina vs Tennessee"]
[Site "Internet Chess Club"]
[Date "2007.10.10"]
[Round "7"]
[White "Milman, Lev"]
[Black "Burnett, Ron"]
[Result "0-1"]
[WhiteElo "2531"]
[BlackElo "2407"]
[PlyCount "60"]
[EventDate "2007.??.??"]

1. e4 d6 2. d4 g6 3. Nc3 Nf6 4. Nf3 Bg7 5. h3 O-O 6. Be3 a6 7. Bd3 Nc6 8. d5
Ne5 9. Nxe5 dxe5 10. Qf3 e6 11. O-O-O exd5 12. Bc5 d4 13. Bxf8 Qxf8 14. Nd5
Nxd5 15. exd5 f5 16. Bc4 Qd6 17. Bb3 b5 18. g4 a5 19. a3 Rb8 20. Qg3 a4 21. Ba2
b4 22. g5 b3 23. Bb1 Qxd5 24. c3 Rb6 25. h4 e4 26. Rhe1 Qc5 27. f3 dxc3 28.
Rd8+ Kf7 29. Rxc8 Rd6 30. Bxe4 Qe3+ 0-1

[Event "USCL Baltimore vs Queens"]
[Site "Internet Chess Club"]
[Date "2007.10.10"]
[Round "7"]
[White "Schneider, Dmitry"]
[Black "Lopez, Bruci"]
[Result "1-0"]
[WhiteElo "2522"]
[BlackElo "2468"]
[PlyCount "63"]
[EventDate "2007.??.??"]

1. e4 e5 2. Nf3 Nc6 3. Bb5 a6 4. Ba4 Nf6 5. O-O b5 6. Bb3 Bc5 7. d3 d6 8. a3 h6
9. h3 g5 10. Nh2 g4 11. hxg4 Rg8 12. Bd5 Nxd5 13. exd5 Ne7 14. Nc3 Rg6 15. Be3
Bb7 16. Qf3 Bd4 17. Ne4 Kf8 18. c4 Bxb2 19. Ra2 Bd4 20. Bxd4 exd4 21. Re2 Ng8
22. Rfe1 c5 23. Ng3 Nf6 24. Nf5 Nh7 25. Re7 Ng5 26. Qe2 Rb8 27. Nf3 Nh7 28.
N3h4 Rf6 29. f4 Kg8 30. g5 hxg5 31. fxg5 Nxg5 32. Qg4 1-0

[Event "USCL Carolina vs Tennessee"]
[Site "Internet Chess Club"]
[Date "2007.10.10"]
[Round "7"]
[White "Bick, John"]
[Black "Bapat, Udayan"]
[Result "0-1"]
[WhiteElo "2266"]
[BlackElo "2126"]
[PlyCount "74"]
[EventDate "2007.??.??"]

1. d4 Nf6 2. c4 c5 3. d5 e6 4. Nc3 exd5 5. cxd5 d6 6. e4 g6 7. h3 Bg7 8. Nf3
O-O 9. Bd3 a6 10. a4 Nbd7 11. Bf4 Qe7 12. O-O Re8 13. Qd2 Nh5 14. Bh2 Ne5 15.
Nxe5 Bxe5 16. f4 Bd4+ 17. Kh1 f5 18. Rae1 Qh4 19. exf5 Bxf5 20. Bxf5 gxf5 21.
Ne2 Be3 22. Qd3 Bxf4 23. g3 Qxh3 24. Nxf4 Nxf4 25. Qf3 Ng6 26. Re6 Rxe6 27.
dxe6 Ne5 28. Qxf5 Qxf5 29. Rxf5 Re8 30. g4 Rxe6 31. g5 b5 32. axb5 axb5 33. Kg2
Nc4 34. Rf2 Re3 35. Bf4 Rb3 36. Bc1 Ne5 37. Rd2 Nd3 0-1

[Event "USCL Baltimore vs Queens"]
[Site "Internet Chess Club"]
[Date "2007.10.10"]
[Round "7"]
[White "Blehm, Pawel"]
[Black "Vovsha, Eli"]
[Result "1/2-1/2"]
[WhiteElo "2580"]
[BlackElo "2495"]
[PlyCount "90"]
[EventDate "2007.??.??"]

1. e4 c5 2. Nf3 d6 3. d4 cxd4 4. Nxd4 Nf6 5. Nc3 a6 6. Be3 e6 7. f3 b5 8. Qd2
b4 9. Nce2 e5 10. Nb3 a5 11. c4 Be6 12. Ng3 a4 13. Nc1 Nc6 14. Be2 h5 15. O-O
h4 16. Nh1 Be7 17. Nf2 Nd7 18. Ncd3 Qa5 19. Rac1 b3 20. axb3 Qxd2 21. Bxd2 Nd4
22. Bd1 axb3 23. Be3 O-O 24. Bxd4 exd4 25. Bxb3 Rfc8 26. g3 Rab8 27. Ba2 Ne5
28. f4 Bxc4 29. Bxc4 Nxc4 30. b4 d5 31. exd5 Ne3 32. Rxc8+ Rxc8 33. Re1 Nxd5
34. Re5 Rd8 35. Re4 Bxb4 36. Rxd4 Ba5 37. Ne5 Bb6 38. Rd2 h3 39. Nc4 Bc5 40.
Ne5 f6 41. Ned3 Be3 42. Re2 Ra8 43. Kf1 Ra1+ 44. Re1 Ra2 45. Re2 Ra1+ 1/2-1/2

[Event "USCL San Francisco vs Miami"]
[Site "Internet Chess Club"]
[Date "2007.10.10"]
[Round "7"]
[White "Martinez, Marcel"]
[Black "Zilberstein, Dmitry"]
[Result "1/2-1/2"]
[WhiteElo "2462"]
[BlackElo "2453"]
[PlyCount "65"]
[EventDate "2007.??.??"]

1. e4 e5 2. Nf3 Nc6 3. Bb5 a6 4. Ba4 Nf6 5. O-O b5 6. Bb3 Bc5 7. a4 Rb8 8. axb5
axb5 9. c3 d6 10. d4 Bb6 11. Na3 O-O 12. Nxb5 exd4 13. cxd4 Bg4 14. Be3 Nxe4
15. Qc2 Qe8 16. Ba4 Bd7 17. Nc3 Nf6 18. Rfe1 Qd8 19. Qd2 h6 20. Bxh6 gxh6 21.
Qxh6 Ng4 22. Qh5 Nxd4 23. Ne4 d5 24. Bxd7 Nxf3+ 25. gxf3 Qxd7 26. fxg4 dxe4 27.
Qg5+ Kh7 28. Ra3 e3 29. Raxe3 Bxe3 30. Rxe3 Rb3 31. Qh5+ Kg8 32. Qg5+ Kh7 33.
Qh5+ 1/2-1/2

[Event "USCL Baltimore vs Queens"]
[Site "Internet Chess Club"]
[Date "2007.10.10"]
[Round "7"]
[White "Kaufman, Larry"]
[Black "Bierkens, Peter"]
[Result "1-0"]
[WhiteElo "2406"]
[BlackElo "2200"]
[PlyCount "93"]
[EventDate "2007.??.??"]

1. e4 c5 2. Nf3 Nc6 3. Bb5 d6 4. O-O Nf6 5. e5 dxe5 6. Nxe5 Bd7 7. Bxc6 Bxc6 8.
Nxc6 bxc6 9. d3 e6 10. Na3 Be7 11. Nc4 O-O 12. Bf4 Qd5 13. Re1 Rfd8 14. Bc7 Rd7
15. Bg3 Rb7 16. b3 Nd7 17. Rc1 Bg5 18. Rb1 Bf6 19. Ne3 Qd4 20. Qf3 Rc8 21. Nc4
Be7 22. Ne5 Nxe5 23. Bxe5 Qd5 24. Qg3 g6 25. h4 h5 26. c4 Qd8 27. Bc3 Bf6 28.
Bxf6 Qxf6 29. Re5 Rd7 30. Rxc5 Qd4 31. Rxh5 Rcd8 32. Rg5 Qc3 33. h5 Rxd3 34.
Qg4 R8d4 35. f4 Qc2 36. Rf1 Rd1 37. Rxd1 Rxd1+ 38. Kh2 Qc1 39. Re5 Rh1+ 40. Kg3
Qg1 41. hxg6 Qh2+ 42. Kf3 f5 43. Qg5 Rf1+ 44. Ke2 Rg1 45. Qd8+ Kg7 46. Qe7+
Kxg6 47. Rxe6+ 1-0

[Event "USCL Seattle vs Dallas"]
[Site "Internet Chess Club"]
[Date "2007.10.10"]
[Round "7"]
[White "Serper, Gregory"]
[Black "Boskovic, Drasko"]
[Result "1/2-1/2"]
[WhiteElo "2572"]
[BlackElo "2520"]
[PlyCount "54"]
[EventDate "2007.??.??"]

1. c4 c5 2. Nf3 g6 3. d4 cxd4 4. Nxd4 Nc6 5. e4 Nf6 6. Nc3 Nxd4 7. Qxd4 d6 8.
Bg5 Bg7 9. f3 O-O 10. Qd2 a5 11. Be2 a4 12. O-O Qa5 13. Rab1 Be6 14. Nd5 Qxd2
15. Bxd2 Nxd5 16. cxd5 Bd4+ 17. Kh1 Bd7 18. Bc3 Bg7 19. a3 Rfc8 20. Bxg7 Kxg7
21. Rbc1 Kf6 22. f4 b6 23. Kg1 Rc5 24. Rc3 Rac8 25. Rfc1 e6 26. dxe6 fxe6 27.
Kf2 e5 1/2-1/2

[Event "USCL Carolina vs Tennessee"]
[Site "Internet Chess Club"]
[Date "2007.10.10"]
[Round "7"]
[White "Andrews, Todd"]
[Black "Schroer, Jonathan"]
[Result "1-0"]
[WhiteElo "2337"]
[BlackElo "2449"]
[PlyCount "109"]
[EventDate "2007.??.??"]

1. e4 c6 2. d4 d5 3. exd5 cxd5 4. c4 Nf6 5. Nc3 e6 6. Nf3 Bb4 7. cxd5 Nxd5 8.
Bd2 O-O 9. Bd3 Nc6 10. O-O Be7 11. a3 Nf6 12. Bg5 h6 13. Bh4 b6 14. Re1 Bb7 15.
Bc2 a5 16. Bxf6 Bxf6 17. Qd3 g6 18. Rxe6 Nxd4 19. Rxf6 Nxf3+ 20. Rxf3 Bxf3 21.
Qxf3 Qd2 22. Be4 Rad8 23. h4 Qxb2 24. Rb1 Qxa3 25. Rxb6 Rc8 26. Bc6 Kg7 27. Qe3
Qd6 28. Bb7 Qc5 29. Bxc8 Qxe3 30. fxe3 Rxc8 31. Rb3 Rc4 32. g3 g5 33. hxg5 hxg5
34. Kf2 f5 35. Ra3 Kf6 36. Ke2 Ke6 37. Kd3 Rg4 38. Ne2 a4 39. Nd4+ Kf6 40. Rxa4
Rxg3 41. Ra6+ Ke5 42. Ra5+ Kf6 43. Rxf5+ Kg6 44. Ke4 Rg4+ 45. Ke5 Rg3 46. e4
Ra3 47. Nc6 Ra6 48. Ne7+ Kh5 49. Rf6 Ra7 50. Nf5 Ra5+ 51. Ke6 g4 52. Ne3 g3 53.
Rf5+ Rxf5 54. Kxf5 g2 55. Nxg2 1-0

[Event "USCL San Francisco vs Miami"]
[Site "Internet Chess Club"]
[Date "2007.10.10"]
[Round "7"]
[White "Rodriguez, Eric"]
[Black "Naroditsky, Daniel"]
[Result "1-0"]
[WhiteElo "2192"]
[BlackElo "2170"]
[PlyCount "77"]
[EventDate "2007.??.??"]

1. d4 Nf6 2. c4 g6 3. Nf3 Bg7 4. g3 O-O 5. Bg2 d6 6. O-O Nc6 7. d5 Na5 8. Qa4
c5 9. Bd2 b6 10. Bc3 a6 11. Nbd2 Bd7 12. Qc2 e5 13. dxe6 fxe6 14. e4 e5 15.
Bxa5 bxa5 16. Nb1 Bg4 17. Nc3 Qc8 18. Rad1 Nh5 19. Rd3 Bh3 20. Ne1 Be6 21. b3
Qc7 22. Qd1 Rad8 23. Nc2 Nf6 24. Qd2 Ng4 25. f3 Bh6 26. Qe2 Nf6 27. Rfd1 Rf7
28. Qf1 g5 29. Ne3 g4 30. f4 exf4 31. gxf4 Nh5 32. f5 Bxe3+ 33. Rxe3 Qe7 34.
Qe2 Qg5 35. fxe6 Rf3 36. e7 Re8 37. Rxf3 gxf3 38. Qxf3 Rxe7 39. Rf1 1-0

[Event "USCL Seattle vs Dallas"]
[Site "Internet Chess Club"]
[Date "2007.10.10"]
[Round "7"]
[White "Bartholomew, John"]
[Black "Tangborn, Eric"]
[Result "1/2-1/2"]
[WhiteElo "2488"]
[BlackElo "2475"]
[PlyCount "59"]
[EventDate "2007.??.??"]

1. Nf3 c5 2. c4 Nc6 3. d4 cxd4 4. Nxd4 g6 5. e4 Nf6 6. Nc3 d6 7. Be2 Nxd4 8.
Qxd4 Bg7 9. Bg5 O-O 10. Qd2 a6 11. Rc1 Be6 12. b3 Qa5 13. f3 Rfc8 14. Na4 Qxd2+
15. Kxd2 Rc6 16. Nc3 Rac8 17. Nd5 Bxd5 18. exd5 R6c7 19. g4 Kf8 20. Be3 Nd7 21.
h4 Bb2 22. Rb1 Bg7 23. Rhc1 a5 24. a4 Nc5 25. h5 Re8 26. Bd3 e6 27. hxg6 hxg6
28. dxe6 Rxe6 29. Bxc5 dxc5 30. Re1 1/2-1/2

[Event "USCL Boston vs New York"]
[Site "Internet Chess Club"]
[Date "2007.10.10"]
[Round "7"]
[White "Shmelov, Denys"]
[Black "Bonin, Jay"]
[Result "1-0"]
[WhiteElo "2391"]
[BlackElo "2360"]
[PlyCount "151"]
[EventDate "2007.??.??"]

1. d4 Nf6 2. c4 g6 3. Nc3 Bg7 4. e4 d6 5. Nf3 O-O 6. Be2 e5 7. O-O exd4 8. Nxd4
Re8 9. f3 Nc6 10. Be3 Nh5 11. Qd2 Nf4 12. Rfd1 Bxd4 13. Bxd4 Nxd4 14. Qxd4
Nxe2+ 15. Nxe2 b6 16. Nc3 Bb7 17. Rac1 Qg5 18. Nd5 Bxd5 19. cxd5 Re7 20. Qd2
Qxd2 21. Rxd2 a5 22. Rdc2 Ra7 23. Kf2 Kf8 24. Rc4 Ke8 25. Kg3 Kd7 26. Kf4 Re5
27. g4 f6 28. R1c2 c5 29. dxc6+ Kc7 30. Rd4 Rc5 31. Rcd2 g5+ 32. Ke3 Rxc6 33.
h4 gxh4 34. Rh2 Kd8 35. Rxh4 Ke8 36. Rd2 Kf8 37. Rh5 Re7 38. Rhd5 Rd7 39. Kf4
Ke7 40. Kf5 Kf7 41. Rh2 Kg7 42. Rhd2 Kf7 43. Rh2 Kg7 44. Ke6 Rd8 45. Rhd2 Re8+
46. Kf5 Rd8 47. f4 Rc5 48. Rxc5 bxc5 49. Ke6 Re8+ 50. Kd5 Kg6 51. Rd3 h5 52.
gxh5+ Kxh5 53. Rg3 Rb8 54. Kxd6 Rxb2 55. Ke6 Kh4 56. Rg1 Rb6+ 57. Kf5 c4 58.
Rc1 Rc6 59. Rc3 a4 60. a3 Rc5+ 61. Kxf6 Kg4 62. f5 Kf4 63. e5 Ke4 64. Rc1 c3
65. Re1+ Kf4 66. e6 Rxf5+ 67. Kg6 Rg5+ 68. Kf6 Rf5+ 69. Kg6 Rg5+ 70. Kf6 Rf5+
71. Ke7 c2 72. Rc1 Rc5 73. Kd6 Rc3 74. e7 Rd3+ 75. Ke6 Re3+ 76. Kf7 1-0

[Event "USCL Seattle vs Dallas"]
[Site "Internet Chess Club"]
[Date "2007.10.10"]
[Round "7"]
[White "Milisits, Ryan"]
[Black "Sinanan, Joshua"]
[Result "1/2-1/2"]
[WhiteElo "2222"]
[BlackElo "2191"]
[PlyCount "77"]
[EventDate "2007.??.??"]

1. e4 c5 2. c3 Nf6 3. e5 Nd5 4. d4 cxd4 5. Nf3 e6 6. cxd4 d6 7. a3 Bd7 8. Bd3
Bc6 9. O-O Nd7 10. Qe2 Be7 11. Nc3 Nxc3 12. bxc3 O-O 13. exd6 Bxd6 14. Bc2 Qa5
15. Ng5 Nf6 16. c4 h6 17. Ne4 Nxe4 18. Bxe4 Bxe4 19. Qxe4 Qc3 20. Be3 Qxc4 21.
Qxb7 Qc7 22. Qxc7 Bxc7 23. Rfc1 Bb6 24. a4 Rfd8 25. a5 Bxd4 26. Bxd4 Rxd4 27.
a6 Rad8 28. g3 R8d7 29. Rc8+ Kh7 30. Rb8 R4d6 31. Kg2 g5 32. Rb7 Rxa6 33. Rxd7
Rxa1 34. Rxf7+ Kg6 35. Re7 Kf6 36. Rh7 Kg6 37. Re7 Kf6 38. Rh7 Kg6 39. Re7
1/2-1/2